Находки аутигенного гипса в долине р. Кызыл-Чин, Горный Алтай; Проблемы геологии и освоения недр; Т. 1

Podrobná bibliografie
Parent link:Проблемы геологии и освоения недр: труды XXI Международного симпозиума имени академика М. А. Усова студентов и молодых ученых, посвященного 130-летию со дня рождения профессора М. И. Кучина, Томск, 3-7 апреля 2017 г./ Национальный исследовательский Томский политехнический университет (ТПУ), Институт природных ресурсов (ИПР) ; под ред. А. С. Боева.— , 2017
Т. 1.— 2017.— [С. 120-121]
Hlavní autor: Осипова Е. А.
Korporativní autor: Национальный исследовательский Томский политехнический университет (ТПУ) Институт природных ресурсов (ИПР) Кафедра геологии и разведки полезных ископаемых (ГРПИ)
Další autoři: Ананьева Л. Г. Людмила Геннадьевна (научный руководитель)
Shrnutí:Заглавие с экрана
Jazyk:ruština
Vydáno: 2017
Edice:Минералогия, геохимия и петрография
Témata:
On-line přístup:http://earchive.tpu.ru/handle/11683/41955
Médium: Elektronický zdroj Kapitola
KOHA link:https://koha.lib.tpu.ru/cgi-bin/koha/opac-detail.pl?biblionumber=623100

MARC

LEADER 00000naa2a2200000 4500
001 623100
005 20231101133238.0
035 |a (RuTPU)RU\TPU\conf\21979 
035 |a RU\TPU\conf\21976 
090 |a 623100 
100 |a 20170801d2017 k y0rusy50 ca 
101 0 |a rus 
102 |a RU 
105 |a y z 100zy 
135 |a drcn ---uucaa 
181 0 |a i  
182 0 |a b 
200 1 |a Находки аутигенного гипса в долине р. Кызыл-Чин, Горный Алтай  |f Е. А. Осипова  |g науч. рук. Л. Г. Ананьева 
203 |a Текст  |c электронный 
225 1 |a Минералогия, геохимия и петрография 
230 |a 1 компьютерный файл (pdf; 803 Kb) 
300 |a Заглавие с экрана 
320 |a [Библиогр.: с. 121 (6 назв.)] 
461 1 |0 (RuTPU)RU\TPU\conf\21932  |t Проблемы геологии и освоения недр  |o труды XXI Международного симпозиума имени академика М. А. Усова студентов и молодых ученых, посвященного 130-летию со дня рождения профессора М. И. Кучина, Томск, 3-7 апреля 2017 г.  |o в 2 т.  |f Национальный исследовательский Томский политехнический университет (ТПУ), Институт природных ресурсов (ИПР) ; под ред. А. С. Боева  |d 2017 
463 1 |0 (RuTPU)RU\TPU\conf\21936  |t Т. 1  |v [С. 120-121]  |d 2017 
610 1 |a труды учёных ТПУ 
610 1 |a электронный ресурс 
610 1 |a гипс 
610 1 |a Горный Алтай 
610 1 |a кристаллизация 
610 1 |a кристаллы 
610 1 |a окисление 
610 1 |a сульфиды 
700 1 |a Осипова  |b Е. А. 
702 1 |a Ананьева  |b Л. Г.  |c российский геолог  |c доцент Томского политехнического университета, кандидат геолого-минералогических наук  |f 1967-  |g Людмила Геннадьевна  |2 stltpush  |4 727 
712 0 2 |a Национальный исследовательский Томский политехнический университет (ТПУ)  |b Институт природных ресурсов (ИПР)  |b Кафедра геологии и разведки полезных ископаемых (ГРПИ)  |h 2181  |2 stltpush  |3 (RuTPU)RU\TPU\col\18660 
801 2 |a RU  |b 63413507  |c 20170904  |g RCR 
856 4 |u http://earchive.tpu.ru/handle/11683/41955 
942 |c BK